| 000 | 00560nam a22001577a 4500 | ||
|---|---|---|---|
| 003 | NUST | ||
| 082 | _a629.8 | ||
| 100 |
_aSaifullah, Faizan _9122253 |
||
| 245 |
_aA Novel Machine Learning Based Method for Stock Price Crash Prediction / _cFaizan Saifullah |
||
| 264 |
_aIslamabad: _bSMME- NUST. _c2020. |
||
| 300 |
_a52p. ; _bSoft Copy, _c30cm. |
||
| 650 |
_aMS Robotics and Intelligent Machine Engineering _9119486 |
||
| 700 |
_aSupervisor : Dr. Hasan Sajid _9121640 |
||
| 856 | _uhttp://10.250.8.41:8080/xmlui/handle/123456789/35618 | ||
| 942 |
_2ddc _cTHE |
||
| 999 |
_c608769 _d608769 |
||